[Event "6th Cesme Open-A 2018"]
[Site "Cesme"]
[Date "2018.07.01"]
[Round "9.11"]
[White "Yildiz Kadioglu, Betul Cemre"]
[Black "Topel, Zehra"]
[Result "1/2-1/2"]
[WhiteElo "2323"]
[BlackElo "2145"]
[Annotator "NA"]
[PlyCount "88"]
[EventDate "2018.06.26"]
[EventType "swiss"]
[EventCountry "TUR"]
[SourceTitle "playchess.com"]
[Source "ChessBase"]
[SourceQuality "1"]
[TimeControl "5400+30"]

1. e4 {[%emt 0:00:30]} c5 {[%emt 0:00:30]} 2. Nf3 {[%emt 0:00:30]} d6 {[%emt 0:00:30]} 3. d4 {[%emt 0:00:00]} cxd4 {[%emt 0:00:00]} 4. Nxd4 {[%emt 0:00:00]} Nf6 {[%emt 0:00:00]} 5. f3 {[%emt 0:00:00]} a6 {[%emt 0:01:30]} 6. c4 {[%emt 0:00:00]} g6 {[%emt 0:00:30]} 7. Nc3 {[%emt 0:00:00]} Bg7 {[%emt 0:00:30]} 8. Be3 {[%emt 0:00:00]} O-O {[%emt 0:01:30] LiveBook: 15 Partien} 9. Be2 {[%emt 0:00:30]} Nc6 {[%emt 0:00:30]} 10. O-O {[%emt 0:00:30]} Nd7 {[%emt 0:05:30] B38: Sicilian: Maroczy Bind with 5...Bg7 and 7...0-0} (10... Nxd4 11. Bxd4 Be6 12. f4 Rc8 13. b3 Ne8 14. Kh1 Bd7 15. a4 Bxd4 16. Qxd4 a5 17. Rad1 Ng7 18. Nd5 Bc6 19. Bg4 {½-½ (59) Howell,D (2670)-Fodor,T (2486) England 2015}) 11. Nb3 {[%emt 0:06:30]} b6 {[%emt 0:00:30]} 12. Rc1 {[%emt 0:01:30]} Bb7 {[%emt 0:00:30]} 13. Qd2 {[%emt 0:01:30]} Rc8 {[%emt 0:00:30] [#]} 14. Rfd1 $146 {[%emt 0:06:30]} ({Predecessor:} 14. Nd5 Nc5 15. Rfd1 Re8 16. Bf1 a5 17. Na1 Ba6 {1-0 (45) Shaposhnikov,E (2525)-Arakelov,I (2375) Moscow 2001}) 14... Nc5 {[%emt 0:08:30]} 15. Nd4 {[%emt 0:00:00]} Ne5 {[%emt 0:04:30]} 16. b3 {[%emt 0:05:00]} h5 {[%emt 0:05:30]} 17. h3 {[%emt 0:07:30]} Kh7 {[%emt 0:00:30]} 18. Qe1 {[%emt 0:02:30]} Nc6 {[%emt 0:04:30]} 19. Nxc6 {[%emt 0:03:30]} Bxc6 {[%emt 0:00:30]} 20. Nd5 {[%emt 0:06:30]} a5 {[%emt 0:01:30]} 21. g4 {[%emt 0:02:30]} (21. Nc3 $14) 21... e6 {[%emt 0:04:30]} 22. Nf4 {[%emt 0:00:30]} e5 {[%emt 0:00:00]} 23. Nd5 {[%emt 0:04:30]} Rb8 {[%emt 0:00:00]} 24. Qf2 {[%emt 0:07:30]} Rb7 {[%emt 0:03:30]} 25. Nxb6 {[%emt 0:06:30]} Ne6 {[%emt 0:02:30]} 26. Nd5 {[%emt 0:03:30]} Nd4 {[%emt 0:00:30]} ({Black should play} 26... a4 $14) 27. g5 {[%emt 0:02:30]} a4 {[%emt 0:00:30]} 28. bxa4 {[%emt 0:00:30]} Rb2 {[%emt 0:01:30]} 29. Rd2 {[%emt 0:00:30]} Rxd2 {[%emt 0:00:30]} 30. Bxd2 {[%emt 0:00:00]} Bxa4 {[%emt 0:00:30]} 31. Rb1 {[%emt 0:03:00]} f5 {[%emt 0:00:30]} 32. gxf6 {[%emt 0:00:30]} Bxf6 {[%emt 0:00:00]} 33. Rb7+ {[%emt 0:00:30]} Kh8 {[%emt 0:00:00]} 34. Bh6 {[%emt 0:11:30]} Bc6 {[%emt 0:02:30]} 35. Rb2 {[%emt 0:03:53]} Rf7 {[%emt 0:03:30]} 36. Be3 {[%emt 0:00:16]} Bg7 {[%emt 0:01:30]} 37. Bd1 {[%emt 0:01:15]} Qf8 {[%emt 0:02:30]} 38. Kg2 {[%emt 0:00:08]} Kh7 {[%emt 0:00:00]} 39. Nc3 {[%emt 0:04:28]} Bd7 {[%emt 0:01:00]} 40. Nb5 {[%emt 0:03:49]} Nxf3 {[%emt 0:02:30]} 41. Nxd6 $19 {[%emt 0:01:12]} (41. Bxf3 $11 Bxh3+ 42. Kg3 h4+ 43. Kh2 Rxf3 44. Qxh4+ Kg8 45. Rf2) 41... Bxh3+ {[%emt 0:04:30]} 42. Kh1 {[%emt 0:01:35]} Qxd6 {[%emt 0:00:30]} 43. Bxf3 {[%emt 0:04:07]} Bg4 {[%emt 0:00:30]} 44. Bc5 {[%emt 0:00:00]} Qd3 {[%emt 0:03:30]} 1/2-1/2

[Event "6th Cesme Open-A 2018"]
[Site "Cesme"]
[Date "2018.07.01"]
[Round "9.12"]
[White "Kamer, Kayra"]
[Black "Koksal, Ege"]
[Result "0-1"]
[WhiteElo "2181"]
[BlackElo "2356"]
[Annotator "ChessBase"]
[PlyCount "100"]
[EventDate "2018.06.26"]
[EventType "swiss"]
[EventCountry "TUR"]
[SourceTitle "playchess.com"]
[Source "ChessBase"]
[SourceQuality "1"]
[TimeControl "5400+30"]

1. c4 {[%emt 0:04:30]} Nf6 {[%emt 0:00:30]} 2. Nf3 {[%emt 0:00:00]} e6 {[%emt 0:00:30]} 3. b3 {[%emt 0:03:00]} b6 {[%emt 0:00:30]} 4. Bb2 {[%emt 0:00:30]} Bb7 {[%emt 0:00:00]} 5. e3 {[%emt 0:00:30]} Be7 {[%emt 0:00:00]} 6. Be2 {[%emt 0:00:30]} O-O {[%emt 0:00:30]} 7. O-O {[%emt 0:00:00]} d5 {[%emt 0:02:30]} 8. Ne5 {[%emt 0:03:00]} Nbd7 {[%emt 0:05:30]} 9. Bf3 {[%emt 0:01:30]} c5 {[%emt 0:01:30]} 10. d4 {[%emt 0:02:30]} Nxe5 {[%emt 0:06:30]} 11. dxe5 {[%emt 0:00:30]} Ne8 {[%emt 0:00:00]} 12. Qe2 {[%emt 0:03:30]} Qc8 {[%emt 0:01:00]} 13. Nc3 {[%emt 0:01:30]} Nc7 {[%emt 0:00:30]} 14. Rfd1 {[%emt 0:00:30]} Rd8 {[%emt 0:04:30]} 15. Rd2 {[%emt 0:00:30]} Bc6 {[%emt 0:03:30]} 16. Rad1 {[%emt 0:05:30]} Qb7 {[%emt 0:00:00]} 17. cxd5 {[%emt 0:01:30]} exd5 {[%emt 0:06:00]} 18. Qd3 {[%emt 0:01:30]} b5 {[%emt 0:04:30]} 19. Ne2 {[%emt 0:03:30]} Ne6 {[%emt 0:02:30]} 20. Nf4 {[%emt 0:06:30]} Nxf4 {[%emt 0:01:30]} 21. exf4 {[%emt 0:00:30]} d4 {[%emt 0:01:30]} 22. Bxc6 {[%emt 0:00:30]} Qxc6 {[%emt 0:00:00]} 23. Qg3 {[%emt 0:05:30]} Qe4 {[%emt 0:02:00]} 24. b4 {[%emt 0:01:30]} c4 {[%emt 0:01:30]} 25. Bxd4 {[%emt 0:00:30]} Bxb4 {[%emt 0:01:30]} 26. e6 {[%emt 0:00:30]} Qg6 {[%emt 0:00:30]} 27. Qxg6 {[%emt 0:05:30]} hxg6 {[%emt 0:02:30]} 28. exf7+ {[%emt 0:07:30]} Kxf7 {[%emt 0:00:30]} 29. Rc2 {[%emt 0:04:30]} Bc5 {[%emt 0:01:30]} 30. Rcd2 {[%emt 0:00:30]} Bb4 {[%emt 0:05:30]} 31. Rc2 {[%emt 0:00:30]} Rd5 {[%emt 0:00:30]} 32. Kf1 {[%emt 0:01:30]} a5 {[%emt 0:00:00]} 33. Ke2 {[%emt 0:00:30]} Rad8 {[%emt 0:00:00]} 34. a3 {[%emt 0:01:30]} Be7 {[%emt 0:08:30]} 35. Rcd2 {[%emt 0:01:30]} Bxa3 {[%emt 0:00:00]} 36. Bb6 {[%emt 0:01:30]} Rxd2+ {[%emt 0:01:00]} 37. Rxd2 {[%emt 0:00:30]} Rxd2+ {[%emt 0:00:30]} 38. Kxd2 {[%emt 0:00:30]} Bb4+ {[%emt 0:00:30]} 39. Kc2 {[%emt 0:00:00]} a4 {[%emt 0:00:00]} 40. f3 {[%emt 0:01:00]} Be1 {[%emt 0:00:00]} 41. Kd1 {[%emt 0:00:00]} Bc3 {[%emt 0:00:30]} 42. Kc2 {[%emt 0:00:00]} Be1 {[%emt 0:00:30]} 43. Kd1 {[%emt 0:00:30]} Bh4 {[%emt 0:00:30]} 44. g4 {[%emt 0:00:00]} b4 {[%emt 0:02:30]} 45. g5 {[%emt 0:00:00]} a3 {[%emt 0:00:30]} 46. Kc2 {[%emt 0:01:30]} b3+ {[%emt 0:00:30]} 47. Kb1 {[%emt 0:00:30]} Be1 {[%emt 0:00:30]} 48. Bd4 {[%emt 0:00:30]} c3 {[%emt 0:01:30]} 49. h4 {[%emt 0:00:30]} a2+ {[%emt 0:00:00]} 50. Ka1 {[%emt 0:00:00]} c2 {[%emt 0:00:00]} 0-1

[Event "6th Cesme Open-A 2018"]
[Site "Cesme"]
[Date "2018.07.01"]
[Round "9.13"]
[White "Gunduz, Umut Erdem"]
[Black "Haznedaroglu, Kivanc"]
[Result "0-1"]
[WhiteElo "2130"]
[BlackElo "2472"]
[Annotator "ChessBase"]
[PlyCount "119"]
[EventDate "2018.06.26"]
[EventType "swiss"]
[EventCountry "TUR"]
[SourceTitle "playchess.com"]
[Source "ChessBase"]
[SourceQuality "1"]
[TimeControl "5400+30"]

1. e4 {[%emt 0:18:30]} c5 {[%emt 0:00:30]} 2. Nc3 {[%emt 0:00:30]} a6 {[%emt 0:00:00]} 3. g3 {[%emt 0:00:00]} b5 {[%emt 0:00:00]} 4. Bg2 {[%emt 0:00:00]} Bb7 {[%emt 0:00:30]} 5. d3 {[%emt 0:00:00]} g6 {[%emt 0:00:00]} 6. f4 {[%emt 0:03:00]} Bg7 {[%emt 0:00:00]} 7. Nf3 {[%emt 0:01:30]} d6 {[%emt 0:00:30]} 8. O-O {[%emt 0:00:00]} Nc6 {[%emt 0:01:30]} 9. f5 {[%emt 0:07:00]} Nf6 {[%emt 0:00:30]} 10. h3 {[%emt 0:07:30]} Ne5 {[%emt 0:05:30]} 11. g4 {[%emt 0:05:30]} b4 {[%emt 0:04:30]} 12. Ne2 {[%emt 0:00:30]} Qb6 {[%emt 0:02:30]} 13. Nxe5 {[%emt 0:08:30]} dxe5 {[%emt 0:00:00]} 14. Be3 {[%emt 0:00:30]} g5 {[%emt 0:13:00]} 15. Bxg5 {[%emt 0:06:30]} h5 {[%emt 0:06:30]} 16. Ng3 {[%emt 0:00:30]} hxg4 {[%emt 0:01:30]} 17. hxg4 {[%emt 0:00:00]} c4+ {[%emt 0:01:30]} 18. Rf2 {[%emt 0:00:00]} Rg8 {[%emt 0:00:00]} 19. Nf1 {[%emt 0:03:30]} Bh6 {[%emt 0:01:00]} 20. Bxf6 {[%emt 0:09:30]} exf6 {[%emt 0:00:00]} 21. dxc4 {[%emt 0:04:30]} Bf8 {[%emt 0:01:00]} 22. Bf3 {[%emt 0:02:30]} Bc5 {[%emt 0:00:30]} 23. Qe2 {[%emt 0:00:30]} O-O-O {[%emt 0:01:30]} 24. Re1 {[%emt 0:00:30]} Rd4 {[%emt 0:03:30]} 25. Kg2 {[%emt 0:04:58]} Rxg4+ {[%emt 0:01:30]} 26. Bxg4 {[%emt 0:03:20]} Rxe4 {[%emt 0:02:30]} 27. Bf3 {[%emt 0:01:00]} Rxe2 {[%emt 0:00:30]} 28. Rfxe2 {[%emt 0:00:02]} Bxf3+ {[%emt 0:01:30]} 29. Kxf3 {[%emt 0:02:04]} Qc6+ {[%emt 0:01:30]} 30. Re4 {[%emt 0:00:12]} Qd7 {[%emt 0:01:30]} 31. Ng3 {[%emt 0:00:30]} Qd2 {[%emt 0:00:00]} 32. R1e2 {[%emt 0:00:00]} Qc1 {[%emt 0:00:00]} 33. b3 {[%emt 0:00:31]} Kd7 {[%emt 0:00:30]} 34. Rh4 {[%emt 0:02:22]} a5 {[%emt 0:02:30]} 35. Rh7 {[%emt 0:00:46]} Ke7 {[%emt 0:00:30]} 36. Rh8 {[%emt 0:04:47]} a4 {[%emt 0:02:30]} 37. Rc8 {[%emt 0:02:44]} Qf4+ {[%emt 0:02:30]} 38. Kg2 {[%emt 0:00:30]} Be3 {[%emt 0:00:30]} 39. Rc7+ {[%emt 0:00:06]} Ke8 {[%emt 0:00:30]} 40. Rc8+ {[%emt 0:00:07]} Kd7 {[%emt 0:00:00]} 41. Rf8 {[%emt 0:00:46]} Ke7 {[%emt 0:00:00]} 42. Rh8 {[%emt 0:03:24]} a3 {[%emt 0:00:30]} 43. Rh1 {[%emt 0:01:16]} Qd4 {[%emt 0:03:30]} 44. Rhe1 {[%emt 0:00:23]} Bf4 {[%emt 0:00:30]} 45. Re4 {[%emt 0:00:13]} Qc3 {[%emt 0:00:30]} 46. Nh5 {[%emt 0:01:07]} Bg5 {[%emt 0:02:30]} 47. R1e2 {[%emt 0:00:30]} Qb2 {[%emt 0:00:30]} 48. c5 {[%emt 0:00:07]} Kd7 {[%emt 0:00:30]} 49. Rc4 {[%emt 0:01:28]} Kc6 {[%emt 0:00:30]} 50. Re1 {[%emt 0:00:05]} Bd2 {[%emt 0:01:30]} 51. Rd1 {[%emt 0:00:36]} Bc3 {[%emt 0:00:30]} 52. Rd6+ {[%emt 0:00:25]} Kc7 {[%emt 0:00:30]} 53. Ng7 {[%emt 0:00:39]} Qxc2+ {[%emt 0:02:30]} 54. Kf3 {[%emt 0:00:01]} e4+ {[%emt 0:00:30]} 55. Rxe4 {[%emt 0:00:58]} Be5 {[%emt 0:00:00]} 56. Ne8+ {[%emt 0:00:54]} Kc8 {[%emt 0:00:00]} 57. Rc4 {[%emt 0:00:06]} Qxf5+ {[%emt 0:00:30]} 58. Ke3 {[%emt 0:00:58]} Qh3+ {[%emt 0:00:30]} 59. Ke4 {[%emt 0:00:00]} Qg2+ {[%emt 0:00:00]} 60. Ke3 {[%emt 0:01:00]} 0-1

[Event "6th Cesme Open-A 2018"]
[Site "Cesme"]
[Date "2018.07.01"]
[Round "9.14"]
[White "Danin, Alexandre"]
[Black "Tarlabasi, Emirhan"]
[Result "1-0"]
[WhiteElo "2539"]
[BlackElo "2117"]
[Annotator "ChessBase"]
[PlyCount "79"]
[EventDate "2018.06.26"]
[EventType "swiss"]
[EventCountry "TUR"]
[SourceTitle "playchess.com"]
[Source "ChessBase"]
[SourceQuality "1"]
[TimeControl "5400+30"]

1. e4 {[%emt 0:00:30]} e6 {[%emt 0:00:30]} 2. d4 {[%emt 0:00:30]} d5 {[%emt 0:00:30]} 3. Bd3 {[%emt 0:00:00]} dxe4 {[%emt 0:00:30]} 4. Bxe4 {[%emt 0:00:00]} Nf6 {[%emt 0:00:30]} 5. Bf3 {[%emt 0:00:00]} c5 {[%emt 0:00:30]} 6. Ne2 {[%emt 0:00:00]} Be7 {[%emt 0:03:30]} 7. Nbc3 {[%emt 0:02:30]} Nc6 {[%emt 0:03:30]} 8. Be3 {[%emt 0:02:30]} cxd4 {[%emt 0:03:30]} 9. Nxd4 {[%emt 0:00:30]} Nxd4 {[%emt 0:01:30]} 10. Qxd4 {[%emt 0:00:00]} Qxd4 {[%emt 0:09:30]} 11. Bxd4 {[%emt 0:00:00]} Bd7 {[%emt 0:00:30]} 12. O-O-O {[%emt 0:06:30]} Bc6 {[%emt 0:02:30]} 13. Bxc6+ {[%emt 0:02:30]} bxc6 {[%emt 0:01:30]} 14. Rhe1 {[%emt 0:00:30]} Bb4 {[%emt 0:16:30]} 15. a3 {[%emt 0:08:30]} Bxc3 {[%emt 0:07:30]} 16. Bxc3 {[%emt 0:00:00]} Nd5 {[%emt 0:01:30]} 17. Bd4 {[%emt 0:00:00]} O-O {[%emt 0:06:30]} 18. c4 {[%emt 0:00:30]} Nb6 {[%emt 0:02:30]} 19. b3 {[%emt 0:00:00]} Rfc8 {[%emt 0:02:30]} 20. Re3 {[%emt 0:07:00]} Rc7 {[%emt 0:11:30]} 21. Rg3 {[%emt 0:00:30]} g6 {[%emt 0:01:30]} 22. Rgd3 {[%emt 0:00:30]} Rd7 {[%emt 0:07:02]} 23. a4 {[%emt 0:00:30]} e5 {[%emt 0:09:49]} 24. Bxe5 {[%emt 0:01:30]} Rad8 {[%emt 0:00:30]} 25. Rxd7 {[%emt 0:00:30]} Rxd7 {[%emt 0:00:00]} 26. Bd4 {[%emt 0:00:00]} Rb7 {[%emt 0:02:42]} 27. Re1 {[%emt 0:03:00]} Kf8 {[%emt 0:02:05]} 28. Bc5+ {[%emt 0:00:30]} Kg7 {[%emt 0:00:00]} 29. Re8 {[%emt 0:00:00]} Nd7 {[%emt 0:00:55]} 30. Bd4+ {[%emt 0:00:00]} Kh6 {[%emt 0:00:18]} 31. Re7 {[%emt 0:00:30]} c5 {[%emt 0:01:18]} 32. Bc3 {[%emt 0:00:30]} f5 {[%emt 0:01:51]} 33. h4 {[%emt 0:00:30]} Kh5 {[%emt 0:00:33]} 34. Rxh7+ {[%emt 0:00:30]} Kg4 {[%emt 0:00:02]} 35. Kc2 {[%emt 0:00:30]} f4 {[%emt 0:00:25]} 36. Rf7 {[%emt 0:01:30]} f3 {[%emt 0:00:26]} 37. Rxf3 {[%emt 0:00:00]} Kxh4 {[%emt 0:00:09]} 38. Rf7 {[%emt 0:00:00]} a6 {[%emt 0:00:31]} 39. Be1 {[%emt 0:00:30]} Kg5 {[%emt 0:00:41]} 40. f3 {[%emt 0:00:30]} 1-0

[Event "6th Cesme Open-A 2018"]
[Site "Cesme"]
[Date "2018.07.01"]
[Round "9.15"]
[White "Guseynov, Alihan"]
[Black "Yasin, Hur"]
[Result "1-0"]
[WhiteElo "2341"]
[BlackElo "1991"]
[Annotator "NA"]
[PlyCount "69"]
[EventDate "2018.06.26"]
[EventType "swiss"]
[EventCountry "TUR"]
[SourceTitle "playchess.com"]
[Source "ChessBase"]
[SourceQuality "1"]
[TimeControl "5400+30"]

1. d4 {[%emt 0:00:30]} Nf6 {[%emt 0:01:30]} 2. c4 {[%emt 0:00:30]} c5 {[%emt 0:00:30]} 3. Nf3 {[%emt 0:00:00]} cxd4 {[%emt 0:03:30]} 4. Nxd4 {[%emt 0:00:00]} g6 {[%emt 0:01:30]} 5. Nc3 {[%emt 0:00:30]} Nc6 {[%emt 0:00:00]} 6. g3 {[%emt 0:00:30]} Bg7 {[%emt 0:01:00]} 7. Bg2 {[%emt 0:00:30]} Nxd4 {[%emt 0:02:30]} 8. Qxd4 {[%emt 0:00:30]} O-O {[%emt 0:00:00]} 9. O-O {[%emt 0:00:30]} d6 {[%emt 0:00:00]} 10. Qd3 {[%emt 0:03:30]} Nd7 {[%emt 0:00:30]} 11. b3 {[%emt 0:01:30]} Nc5 {[%emt 0:01:30]} 12. Qd2 {[%emt 0:01:30]} a5 {[%emt 0:01:30] LiveBook: 18 Games A39: Symmetrical English vs ...g6: 4 Bg2 Bg7 5 Nf3 Nf6 6 0-0 0-0 7 d4} (12... Rb8 13. Bb2 b6 14. b4 Nd7 15. Nd5 Bxb2 16. Qxb2 Bb7 17. Rfd1 e6 18. Ne3 Bxg2 19. Kxg2 Qc7 20. Qd4 {1-0 (48) Melkumyan,H (2632)-Arkell,K (2499) London 2015}) 13. Rb1 {[%emt 0:04:30]} Re8 $146 {[%emt 0:08:30]} ({Predecessor:} 13... Bf5 14. e4 Be6 15. Nd5 Rb8 16. Qe2 Qd7 17. Bd2 b6 18. h4 Rfe8 19. Rfe1 Bd4 20. Bg5 {1-0 (89) Sarana,A (2427)-Obgolts,E (2217) St Petersburg 2016}) 14. Bb2 {[%emt 0:04:30]} Bf5 {[%emt 0:19:30]} 15. Rbc1 {[%emt 0:13:30]} Qd7 {[%emt 0:06:30]} 16. Rfd1 {[%emt 0:02:30]} Ra6 {[%emt 0:03:30]} 17. Nd5 {[%emt 0:08:30]} f6 {[%emt 0:07:30]} 18. Qe3 {[%emt 0:11:30]} Kf7 {[%emt 0:03:30]} 19. a3 {[%emt 0:14:30]} Rc8 {[%emt 0:10:30]} (19... Qe6 $16 {was worth a try.}) 20. b4 {[%emt 0:04:30]} axb4 {[%emt 0:00:30]} 21. axb4 {[%emt 0:00:00]} Na4 {[%emt 0:00:00]} 22. Ba1 {[%emt 0:00:00]} Rac6 {[%emt 0:01:00]} 23. c5 {[%emt 0:22:49]} e6 {[%emt 0:07:23]} 24. Nf4 {[%emt 0:01:14]} d5 {[%emt 0:00:42]} 25. Qb3 {[%emt 0:00:10]} Ra6 $2 {[%emt 0:08:23]} (25... Nxc5 26. Rxc5 Qe8) 26. e4 {[%emt 0:00:41]} Bg4 {[%emt 0:00:09]} 27. exd5 {[%emt 0:02:53]} e5 {[%emt 0:02:16]} 28. d6+ {[%emt 0:00:25]} Kf8 {[%emt 0:00:28]} 29. f3 {[%emt 0:01:09]} Bf5 {[%emt 0:01:26]} 30. g4 {[%emt 0:00:15]} exf4 {[%emt 0:01:34]} 31. gxf5 {[%emt 0:00:01]} Qxf5 {[%emt 0:02:28]} 32. Re1 {[%emt 0:00:44]} Nxc5 {[%emt 0:02:54]} 33. bxc5 {[%emt 0:00:03]} Rxc5 {[%emt 0:00:42]} 34. Qxb7 {[%emt 0:01:16]} Rac6 {[%emt 0:02:30]} 35. Re8+ {[%emt 0:00:49]} 1-0

[Event "6th Cesme Open-A 2018"]
[Site "Cesme"]
[Date "2018.07.01"]
[Round "9.16"]
[White "Kucuk, Dogan"]
[Black "Samani, Yamac"]
[Result "1/2-1/2"]
[WhiteElo "1974"]
[BlackElo "2227"]
[Annotator "NA"]
[PlyCount "25"]
[EventDate "2018.06.26"]
[EventType "swiss"]
[EventCountry "TUR"]
[SourceTitle "playchess.com"]
[Source "ChessBase"]
[SourceQuality "1"]
[TimeControl "5400+30"]

1. Nf3 {[%emt 0:00:30]} Nf6 {[%emt 0:00:30]} 2. g3 {[%emt 0:00:30]} g6 {[%emt 0:03:30]} 3. Bg2 {[%emt 0:00:00]} Bg7 {[%emt 0:00:30]} 4. O-O {[%emt 0:00:00]} O-O {[%emt 0:00:00]} 5. d4 {[%emt 0:00:30]} d5 {[%emt 0:03:00]} 6. c4 {[%emt 0:00:30]} c6 {[%emt 0:00:30]} 7. cxd5 {[%emt 0:00:30]} cxd5 {[%emt 0:00:30]} 8. Nc3 {[%emt 0:00:00]} e6 {[%emt 0:01:30]} 9. Bf4 {[%emt 0:04:00]} Nc6 {[%emt 0:01:30]} 10. Ne5 {[%emt 0:01:30]} Bd7 {[%emt 0:04:30]} 11. Nxc6 {[%emt 0:01:30]} Bxc6 {[%emt 0:00:30]} 12. Be5 $11 {[%emt 0:07:30] LiveBook: 8 Games} Nd7 {[%emt 0:17:30]} 13. Nb1 {[%emt 0:00:30]} 1/2-1/2

[Event "6th Cesme Open-A 2018"]
[Site "Cesme"]
[Date "2018.07.01"]
[Round "9.17"]
[White "Ozkan, Ervin"]
[Black "Karaahmetoglu, Ege"]
[Result "1-0"]
[WhiteElo "2171"]
[BlackElo "2040"]
[Annotator "NA"]
[PlyCount "75"]
[EventDate "2018.06.26"]
[EventType "swiss"]
[EventCountry "TUR"]
[SourceTitle "playchess.com"]
[Source "ChessBase"]
[SourceQuality "1"]
[TimeControl "5400+30"]

1. d4 {[%emt 0:00:30]} Nf6 {[%emt 0:00:30]} 2. c4 {[%emt 0:01:30]} e6 {[%emt 0:00:00]} 3. Nf3 {[%emt 0:00:30]} b6 {[%emt 0:00:00]} 4. g3 {[%emt 0:02:30]} Ba6 {[%emt 0:00:30]} 5. Qa4 {[%emt 0:00:30]} Bb7 {[%emt 0:02:30]} 6. Bg2 {[%emt 0:00:30]} Be7 {[%emt 0:00:00] E15: Queen's Indian: 4 g3 sidelines, 4 g3 Ba6 and 4 g3 Bb7 early deviations} (6... c5 7. dxc5 bxc5 8. O-O Be7 9. Nc3 O-O 10. Rd1 Qb6 11. Bf4 d6 12. Rab1 Nbd7 13. b4 Rfb8 14. a3 h6 15. h3 a6 16. Qa5 Qxa5 17. bxa5 Ne8 18. Ne5 Nxe5 19. Bxb7 Nxc4 20. Bxa8 Rxa8 {0-1 (49) Xu,Y (2545)-Jakovenko,D (2732) China 2018}) 7. O-O {[%emt 0:00:30]} O-O {[%emt 0:01:00]} 8. Rd1 {[%emt 0:05:30]} Qc8 {[%emt 0:16:30]} 9. Bf4 {[%emt 0:04:30]} c5 {[%emt 0:04:30]} 10. Nc3 {[%emt 0:02:30]} Bc6 $146 {[%emt 0:28:30]} ({Predecessor:} 10... cxd4 $11 11. Nxd4 Bxg2 12. Kxg2 Nc6 (12... Qb7+ 13. Nf3 Rc8 14. Kg1 a6 15. Bd6 Bxd6 16. Rxd6 Nc6 17. Rad1 b5 18. cxb5 axb5 19. Qh4 Ne7 20. Qb4 Ned5 21. Qxb5 Qxb5 22. Nxb5 Rxa2 {0-1 (44) Ton That Nhu,T (2279)-Dao,T (2523) Ho Chi Minh City 2010})) 11. Qb3 {[%emt 0:11:30]} (11. Qc2 $14) 11... cxd4 {[%emt 0:00:30]} 12. Rxd4 {[%emt 0:13:30]} Bc5 {[%emt 0:11:30]} 13. Rd2 {[%emt 0:00:00]} Qb7 {[%emt 0:05:30]} 14. Bd6 {[%emt 0:05:00]} Bxd6 {[%emt 0:01:30]} 15. Rxd6 {[%emt 0:00:30]} Na6 {[%emt 0:00:00]} 16. Qc2 {[%emt 0:01:30]} Rac8 {[%emt 0:03:00]} 17. Rad1 {[%emt 0:08:30]} (17. e4 $5) 17... Qa8 {[%emt 0:03:31]} 18. b3 {[%emt 0:04:30]} Nc5 {[%emt 0:03:32]} 19. Ne1 {[%emt 0:02:30]} a6 {[%emt 0:08:10]} 20. Bxc6 {[%emt 0:01:30]} dxc6 $14 {[%emt 0:01:43]} 21. Nf3 {[%emt 0:03:30]} Nb7 {[%emt 0:03:16]} 22. R6d2 {[%emt 0:00:30]} c5 {[%emt 0:00:59]} 23. Ne4 {[%emt 0:00:30]} Nxe4 {[%emt 0:02:30]} 24. Qxe4 {[%emt 0:00:00]} Na5 {[%emt 0:00:00]} 25. Qh4 {[%emt 0:02:00]} Nc6 {[%emt 0:00:19]} 26. Rd7 {[%emt 0:00:30]} Rcd8 {[%emt 0:01:00]} 27. Qe4 {[%emt 0:06:30]} Rxd7 {[%emt 0:01:55]} 28. Rxd7 {[%emt 0:00:30]} Nb4 {[%emt 0:00:26]} 29. Qb1 {[%emt 0:02:30]} Qc8 {[%emt 0:00:37]} 30. Ng5 {[%emt 0:00:30]} g6 {[%emt 0:00:43]} 31. Qd1 {[%emt 0:00:30]} h6 {[%emt 0:00:15]} 32. Nxf7 {[%emt 0:00:00]} Nd5 {[%emt 0:00:33]} 33. Nxh6+ {[%emt 0:01:00]} Kh8 {[%emt 0:00:01]} 34. Qa1+ {[%emt 0:00:30]} Nf6 {[%emt 0:00:21]} 35. Rf7 {[%emt 0:01:37]} Rxf7 {[%emt 0:00:30]} 36. Nxf7+ {[%emt 0:00:30]} Kg7 {[%emt 0:00:00]} 37. Ng5 {[%emt 0:00:00]} Qc6 {[%emt 0:00:53]} 38. Qe5 {[%emt 0:00:29]} 1-0

[Event "6th Cesme Open-A 2018"]
[Site "Cesme"]
[Date "2018.07.01"]
[Round "9.18"]
[White "Gulbeyaz, Emir"]
[Black "Isik, Alparslan"]
[Result "1/2-1/2"]
[WhiteElo "2074"]
[BlackElo "2212"]
[Annotator "NA"]
[PlyCount "42"]
[EventDate "2018.06.26"]
[EventType "swiss"]
[EventCountry "TUR"]
[SourceTitle "playchess.com"]
[Source "ChessBase"]
[SourceQuality "1"]
[TimeControl "5400+30"]

{[%evp 21,42,-26,0,-18,-28,-25,32767,0,-8,-23,18,7,20,-8,33,32767,32767,0,0,32767,2,32767,210]} 1. e4 {[%emt 0:20:30]} d6 {[%emt 0:00:30]} 2. d4 {[%emt 0:00:30]} Nf6 {[%emt 0:00:30]} 3. Nc3 {[%emt 0:00:30]} e5 {[%emt 0:00:30]} 4. Nge2 {[%emt 0:00:00]} Be7 {[%emt 0:00:00]} 5. g3 {[%emt 0:00:00]} O-O {[%emt 0:01:00] B07: Pirc Defence: Miscellaneous Systems} 6. Bg2 {[%emt 0:00:30]} c6 {[%emt 0:00:30]} 7. a4 {[%emt 0:00:30]} (7. O-O b5 8. a3 Nbd7 9. h3 a5 10. g4 Ba6 11. Ng3 exd4 12. Qxd4 b4 13. Nce2 d5 14. e5 Bxe2 15. Nxe2 Bc5 16. Qf4 Nxe5 17. Qxe5 {0-1 (43) Moiseenko,A (2707)-Caruana,F (2791) Dubai 2014}) 7... a5 {[%emt 0:00:00]} 8. O-O {[%emt 0:00:00]} Na6 {[%emt 0:00:00]} 9. h3 {[%emt 0:00:00]} Nb4 {[%emt 0:01:30]} 10. Be3 {[%emt 0:00:00]} exd4 {[%emt 0:01:30]} 11. Nxd4 {[%emt 0:00:00]} d5 {[%emt 0:01:30]} 12. e5 {[%emt 0:07:30]} Nd7 {[%emt 0:01:30]} 13. Nf3 {[%emt 0:08:30]} Nc5 $146 {[%emt 0:03:30]} 14. Ne2 {[%emt 0:00:30]} Qc7 {[%emt 0:14:30]} 15. Ned4 {[%emt 0:05:30]} Ne4 {[%emt 0:10:30]} 16. c3 {[%emt 0:02:30]} Na6 {[%emt 0:01:30]} 17. Qc1 {[%emt 0:05:30]} Be6 {[%emt 0:09:30]} 18. Bf4 {[%emt 0:07:30]} Nac5 {[%emt 0:01:30]} 19. Qe3 {[%emt 0:02:30]} Qb6 {[%emt 0:07:30]} 20. Rfb1 {[%emt 0:00:30]} Qd8 {[%emt 0:02:30]} 21. g4 {[%emt 0:04:30]} f6 $18 {[%emt 0:05:30]} (21... Bd7 $11 {and Black is okay.}) 1/2-1/2